书目信息 |
| 题名: |
儿科疾病护理指南
|
|
| 作者: | 马燕兰 , 曾伟 主编 | |
| 分册: | ||
| 出版信息: | 北京 人民军医出版社 2014 |
|
| 页数: | 195页 | |
| 开本: | 26cm | |
| 丛书名: | 专科疾病护理指南丛书 | |
| 单 册: | ||
| 中图分类: | R473.72 | |
| 科图分类: | ||
| 主题词: | 儿科学--护理学 | |
| 电子资源: | ||
| ISBN: | 978-7-5091-7657-3 | |
| 000 | 00941nam0 2200265 450 | |
| 001 | 338681 | |
| 005 | 20150604092421.18 | |
| 010 | @a978-7-5091-7657-3@dCNY45.00 | |
| 100 | @a20141017d2014 em y0chiy50 ea | |
| 101 | 0 | @achi |
| 102 | @aCN@b110000 | |
| 105 | @aa z 000yy | |
| 106 | @ar | |
| 200 | 1 | @a儿科疾病护理指南@Aer ke ji bing hu li zhi nan@f马燕兰, 曾伟主编 |
| 210 | @a北京@c人民军医出版社@d2014 | |
| 215 | @a195页@c图@d26cm | |
| 225 | 1 | @a专科疾病护理指南丛书@f王建荣,马燕兰,皮红英主编 |
| 330 | @a本书共分5章48节, 介绍了儿科疾病护理常规 (涵盖了小儿内、外科疾病护理常规) , 重点介绍儿科一般护理常规、常见症状护理、新生儿护理常规、儿科常见疾病护理、常用检查和治疗护理等。 | |
| 410 | 0 | @12001 @a专科疾病护理指南丛书 |
| 606 | 0 | @a儿科学@x护理学 |
| 690 | @aR473.72@v5 | |
| 701 | 0 | @a马燕兰@Ama yan lan@4主编 |
| 701 | 0 | @a曾伟@Azeng wei@c(女, @f1963)@4主编 |
| 801 | 0 | @aCN@b卓展宏图@c20150525 |
| 905 | @dR473.72@e92@f4 | |
| 儿科疾病护理指南/马燕兰, 曾伟主编.-北京:人民军医出版社,2014 |
| 195页:图;26cm.-(专科疾病护理指南丛书/王建荣,马燕兰,皮红英主编) |
| ISBN 978-7-5091-7657-3:CNY45.00 |
| 本书共分5章48节, 介绍了儿科疾病护理常规 (涵盖了小儿内、外科疾病护理常规) , 重点介绍儿科一般护理常规、常见症状护理、新生儿护理常规、儿科常见疾病护理、常用检查和治疗护理等。 |
| ● |
| 相关链接 |
|
|
|
|
正题名:儿科疾病护理指南
索取号:R473.72/92
 
预约/预借
| 序号 | 登录号 | 条形码 | 馆藏地/架位号 | 状态 | 备注 |
| 1 | 860099 | 208600995 | 第二样本阅览室/ [索取号:R473.72/92] | 在馆 | |
| 2 | 860100 | 208601002 | 第三借阅区/ [索取号:R473.72/92] | 在馆 | |
| 3 | 860101 | 208601011 | 第三借阅区/ [索取号:R473.72/92] | 在馆 | |
| 4 | 860102 | 208601020 | 第三借阅区/ [索取号:R473.72/92] | 在馆 |